Documents of the ninth Congress of the Communist Party of India (Record no. 426490)

000 -LEADER
fixed length control field 00435cam a22001217a 4500
008 - FIXED-LENGTH DATA ELEMENTS--GENERAL INFORMATION
fixed length control field 180718b1972 xxu||||| |||| 00| 0 eng d
082 ## - DEWEY DECIMAL CLASSIFICATION NUMBER
Classification number F51x5404 C737d/9
245 ## - TITLE STATEMENT
Title Documents of the ninth Congress of the Communist Party of India
Statement of responsibility, etc. by Communist Party of India
260 ## - PUBLICATION, DISTRIBUTION, ETC.
Place of publication, distribution, etc. New Delhi
Name of publisher, distributor, etc. Communist Party Publications
Date of publication, distribution, etc. 1972
300 ## - PHYSICAL DESCRIPTION
Extent 415p
650 ## - SUBJECT ADDED ENTRY--TOPICAL TERM
Topical term or geographic name entry element Communism --India --Congresses
650 ## - SUBJECT ADDED ENTRY--TOPICAL TERM
Topical term or geographic name entry element Communist Party of India --Congresses
Holdings
Withdrawn status Lost status Damaged status Not for loan Permanent Location Current Location Date acquired Full call number Barcode Date last seen Price effective from Koha item type
        Indian Institute of Public Administration Indian Institute of Public Administration 2009-10-29 F51x5404 C737d/9 51701 2018-07-21 2018-07-21 Book

Powered by Koha